000 00448cam a2200193ua 4500
020 _c35.00
041 _aeng
_h
082 _a631.4
_bBLA/SO
100 _aBlack, C.A .
245 _aSoil-Plant Relationships /
_cC.A.Black.
_hTextual Documents
250 _a1 /
_b.
260 _a :
_bJohn Wiley & Sons ,
_c1960.
300 _a332 ; .
365 _a35.00
504 _a
942 _cBK
999 _c1403
_d1403